Southville International School and Colleges
Your cart is empty.
  • Cart
  • Lists
    Public lists Eva Luna New books Lux_list list_1
    Your lists Log in to create your own lists
  • Log in to your account
  • Your cookies
  • Search history
Southville International School and Colleges
  • Advanced search
  • Recent comments
  • Most popular
  • Libraries

Log in to your account

Log in with GOOGLE


If you do not have an external account, but do have a local account, you can still log in:

  1. Home
  2. MARC view: Bizarre beasts :
Normal view MARC view ISBD view

Bizarre beasts : (Record no. 112253)

[ view plain ]
MARC details
000 -LEADER
fixed length control field 00544nam a2200193 a 4500
001 - CONTROL NUMBER
control field 3192
005 - DATE AND TIME OF LATEST TRANSACTION
control field 20140414131932.0
008 - FIXED-LENGTH DATA ELEMENTS--GENERAL INFORMATION
fixed length control field 060202s19uu xx 00 eng d
020 ## - INTERNATIONAL STANDARD BOOK NUMBER
International Standard Book Number 1-55280-248-5
050 ## - LIBRARY OF CONGRESS CALL NUMBER
Classification number REF 590
Item number G15 1995
100 ## - MAIN ENTRY--PERSONAL NAME
Personal name Ganeri, Anita
245 ## - TITLE STATEMENT
Title Bizarre beasts :
Remainder of title and other oddities of nature /
Statement of responsibility, etc Anita Ganeri.
260 ## - PUBLICATION, DISTRIBUTION, ETC. (IMPRINT)
Name of publisher, distributor, etc Big Face Books,
Date of publication, distribution, etc 1995.
Place of publication, distribution, etc Singapore :
300 ## - PHYSICAL DESCRIPTION
Extent 30 p. : ill. ; cm.
500 ## - GENERAL NOTE
General note Includes index
650 ## - SUBJECT ADDED ENTRY--TOPICAL TERM
Topical term or geographic name as entry element Animals
General subdivision Miscellanea
650 ## - SUBJECT ADDED ENTRY--TOPICAL TERM
Topical term or geographic name as entry element Plants
General subdivision Miscellanea
Holdings
Withdrawn status Lost status Damaged status Use restrictions Home library Current library Shelving location Date acquired Source of acquisition Total Checkouts Full call number Barcode Date last seen Price effective from Koha item type
        Munich Library Munich Library Reference Section 02/02/2006     REF 590 G15 1995 M3478 04/14/2014 04/14/2014 Books

Bizarre beasts :

APA

Ganeri A., . (1995). Bizarre beasts. Singapore: Big Face Books.

Chicago

Ganeri Anita, . 1995. Bizarre beasts. Singapore: Big Face Books.

Harvard

Ganeri A., . (1995). Bizarre beasts. Singapore: Big Face Books.

MLA

Ganeri Anita, . Bizarre beasts. Singapore: Big Face Books. 1995.

  • Place hold
  • Print
  • Cite
  • Add to your cart (remove)
  • Save record
    BIBTEX Dublin Core MARCXML MARC (non-Unicode/MARC-8) MARC (Unicode/UTF-8) MARC (Unicode/UTF-8, Standard) MODS (XML) RIS
  • More searches
    Search for this title in:
    Other Libraries (WorldCat) Other Databases (Google Scholar) Online Stores (Bookfinder.com) Open Library (openlibrary.org)

Exporting to Dublin Core...

SOUTHVILLE LIBRARY

Southville International School and Colleges Library

1281 Tropical Ave. Cor. Luxembourg St., BF Homes International, Las Pinas City

Tel. No. 8256374 / 252358 Loc. 117/146

Powered by Koha